[Event "4NCL"]
[Site "De Vere, Staverton Park, ENG"]
[Date "2010.11.07"]
[Round "2.34"]
[White "Hilton, Steve H"]
[Black "Williamson, Kevin J"]
[Result "1/2-1/2"]
[WhiteElo "1908"]
[BlackElo "2065"]
[PlyCount "98"]
[EventDate "2010.??.??"]
[WhiteTeam "Braille Chess Assoc"]
[BlackTeam "FCA Solutions 1"]

1. d4 d5 2. c4 Nc6 3. Nf3 Bg4 4. e3 e6 5. cxd5 exd5 6. Nc3 Bb4 7. Bd2 Nf6 8.
Qb3 Bxf3 9. gxf3 O-O 10. Bd3 Re8 11. O-O-O Bxc3 12. Bxc3 Qd6 13. Rdg1 a5 14. a3
a4 15. Qc2 Na5 16. Qxa4 Nc4 17. Qb4 Qxb4 18. Bxb4 b5 19. Bxc4 bxc4 20. Rg5 Ra6
21. Rhg1 g6 22. h4 h6 23. Re5 Rae6 24. f4 Kh7 25. f3 c6 26. Bc3 Nd7 27. Rxe6
Rxe6 28. Kd2 f5 29. Re1 Nf6 30. Ke2 Kg7 31. Ra1 Re8 32. a4 Ra8 33. a5 Ne8 34.
Ra4 Nd6 35. Bb4 Nb5 36. Kd2 Ra6 37. Bc5 Kf6 38. Bb6 Ke6 39. Ra1 h5 40. Kc2 Kf6
41. b3 Nd6 42. Bc5 cxb3+ 43. Kxb3 Nc4 44. Kb4 Nxe3 45. Ka4 Nc4 46. Bb4 Nb2+ 47.
Kb3 Nc4 48. Ra2 Kf7 49. Bc3 Kf6 1/2-1/2

[Event "4NCL"]
[Site "De Vere, Staverton Park, ENG"]
[Date "2010.11.07"]
[Round "2.35"]
[White "Peat, Matthew"]
[Black "Jenks, Bruce"]
[Result "1/2-1/2"]
[WhiteElo "2059"]
[BlackElo "2124"]
[PlyCount "87"]
[EventDate "2010.??.??"]
[WhiteTeam "AMCA Rhinos"]
[BlackTeam "Wessex 2"]

1. d4 Nf6 2. c4 c5 3. d5 b5 4. cxb5 a6 5. bxa6 Bxa6 6. Nc3 g6 7. g3 d6 8. Bg2
Bg7 9. Nf3 O-O 10. Rb1 Qa5 11. Bd2 Nbd7 12. O-O Ng4 13. Qc2 Rfb8 14. b3 Nge5
15. Nxe5 Nxe5 16. a4 c4 17. b4 Rxb4 18. Na2 c3 19. Rxb4 cxd2 20. Qxd2 Nc4 21.
Qc2 Rc8 22. Rc1 Bh6 23. e3 Nxe3 24. Qd2 Rxc1+ 25. Qxc1 Nxd5 26. Rb8+ Kg7 27.
Qa1+ e5 28. Bxd5 Qxd5 29. Nb4 Qa5 30. Nxa6 Qxa6 31. Qa2 Bg5 32. Qd5 Qxa4 33.
Rb7 Qe8 34. Qxd6 h5 35. Qc7 e4 36. h4 Bf6 37. Kh2 Qe6 38. Qc5 Qe5 39. Qc4 Be7
40. Rb5 Qf6 41. Kg1 Qf3 42. Rb3 Qf5 43. Qe2 Qg4 44. Qxg4 1/2-1/2

[Event "4NCL"]
[Site "De Vere, Staverton Park, ENG"]
[Date "2010.11.07"]
[Round "2.35"]
[White "Pleasants, Allan J"]
[Black "Hart, David PO"]
[Result "1/2-1/2"]
[WhiteElo "2048"]
[BlackElo "2018"]
[PlyCount "56"]
[EventDate "2010.??.??"]
[WhiteTeam "Wessex 2"]
[BlackTeam "AMCA Rhinos"]

1. Nf3 Nf6 2. d4 e6 3. Bg5 c5 4. c3 d5 5. e3 Nbd7 6. Nbd2 Bd6 7. Bd3 Qc7 8. Qe2
b6 9. O-O Bb7 10. e4 cxd4 11. cxd4 dxe4 12. Nxe4 Be7 13. Rac1 Qd8 14. Bxf6 Nxf6
15. Bb5+ Kf8 16. Nc3 g6 17. Rfe1 Kg7 18. Ne5 Bd6 19. Bc4 Re8 20. Red1 Rc8 21.
a3 Qe7 22. Ba6 Red8 23. Bxb7 Qxb7 24. Rd3 Bxe5 25. Qxe5 Rd5 26. Qe3 Rf5 27. Re1
Ng4 28. Qe4 Qxe4 1/2-1/2

[Event "4NCL"]
[Site "De Vere, Staverton Park, ENG"]
[Date "2010.11.07"]
[Round "2.35"]
[White "Duvall, Ian"]
[Black "Tunks, Dominic"]
[Result "1-0"]
[WhiteElo "2053"]
[BlackElo "2076"]
[PlyCount "57"]
[EventDate "2010.??.??"]
[WhiteTeam "AMCA Rhinos"]
[BlackTeam "Wessex 2"]

1. d4 Nc6 2. Nf3 d5 3. c4 Bg4 4. Nc3 Bxf3 5. gxf3 e6 6. Bf4 Nf6 7. e3 Be7 8.
Qd2 a6 9. Bd3 Qd7 10. a3 O-O 11. cxd5 exd5 12. Qc2 Rfe8 13. O-O-O b5 14. Ne2
Na5 15. Be5 Qc6 16. Nc3 g6 17. Rhg1 Nd7 18. Rg4 Nc4 19. f4 Bf6 20. Rdg1 a5 21.
Bxc4 bxc4 22. f5 Rxe5 23. dxe5 Nxe5 24. fxg6 hxg6 25. Rd4 Nf3 26. Rxg6+ fxg6
27. Qxg6+ Kf8 28. Rf4 Ke7 29. Rxf6 1-0

[Event "4NCL"]
[Site "De Vere, Staverton Park, ENG"]
[Date "2010.11.07"]
[Round "2.35"]
[White "Gregory, Keith DF"]
[Black "Stayt, James N"]
[Result "1/2-1/2"]
[WhiteElo "2063"]
[BlackElo "1975"]
[PlyCount "59"]
[EventDate "2010.??.??"]
[WhiteTeam "Wessex 2"]
[BlackTeam "AMCA Rhinos"]

1. Nf3 Nf6 2. c4 g6 3. b3 Bg7 4. Bb2 d6 5. g3 O-O 6. Bg2 c5 7. O-O Nc6 8. d3
Bd7 9. Nbd2 Qc8 10. a3 Bh3 11. Rb1 Bxg2 12. Kxg2 b6 13. b4 cxb4 14. axb4 a5 15.
b5 Nd8 16. e4 Nd7 17. d4 Ne6 18. d5 Nec5 19. Nd4 Ne5 20. f4 Ng4 21. Qf3 f5 22.
Nc6 Qe8 23. e5 dxe5 24. fxe5 Bh6 25. h3 Ne3+ 26. Kh1 Nxf1 27. Nxf1 Bg7 28. Bd4
Nd7 29. Qe3 a4 30. Qa3 1/2-1/2

[Event "4NCL"]
[Site "De Vere, Staverton Park, ENG"]
[Date "2010.11.07"]
[Round "2.35"]
[White "Sparkes, Daniel A"]
[Black "Furjel, Andrej"]
[Result "1/2-1/2"]
[WhiteElo "1960"]
[BlackElo "2031"]
[PlyCount "61"]
[EventDate "2010.??.??"]
[WhiteTeam "AMCA Rhinos"]
[BlackTeam "Wessex 2"]

1. e4 c6 2. d4 d5 3. Nc3 dxe4 4. Nxe4 Bf5 5. Ng3 Bg6 6. h4 h6 7. Nf3 Nd7 8. Bd3
Bxd3 9. Qxd3 e6 10. Bd2 Ndf6 11. O-O-O Qc7 12. Ne4 O-O-O 13. Nxf6 Nxf6 14. Qe2
Bd6 15. g3 Rhe8 16. Rhe1 a6 17. Ne5 c5 18. Nc4 cxd4 19. Ba5 Qc5 20. Bxd8 Rxd8
21. Nxd6+ Rxd6 22. Rd3 Kb8 23. Qe5 Qxe5 24. Rxe5 Kc7 25. Rc5+ Kd7 26. f4 b5 27.
Re5 Kc6 28. a4 Nd7 29. axb5+ axb5 30. Re4 Nc5 31. Rexd4 1/2-1/2

[Event "4NCL"]
[Site "De Vere, Staverton Park, ENG"]
[Date "2010.11.07"]
[Round "2.35"]
[White "Marsh, Roger DW"]
[Black "Tart, Peter K"]
[Result "1/2-1/2"]
[WhiteElo "2030"]
[BlackElo "1948"]
[PlyCount "26"]
[EventDate "2010.??.??"]
[WhiteTeam "Wessex 2"]
[BlackTeam "AMCA Rhinos"]

1. d4 Nf6 2. c4 e6 3. Nc3 b6 4. a3 Bb7 5. d5 Be7 6. Nf3 O-O 7. g3 a5 8. Bg2 Na6
9. O-O Nc5 10. a4 Nfe4 11. Nxe4 Nxe4 12. Nd2 Nc5 13. Nb3 e5 1/2-1/2

[Event "4NCL"]
[Site "De Vere, Staverton Park, ENG"]
[Date "2010.11.07"]
[Round "2.36"]
[White "Page, Mark E"]
[Black "Nitz, Tomos"]
[Result "1-0"]
[WhiteElo "2046"]
[BlackElo "2058"]
[PlyCount "81"]
[EventDate "2010.??.??"]
[WhiteTeam "Warwickshire Select 2"]
[BlackTeam "Oxford 2"]

1. e4 Nf6 2. e5 Nd5 3. d4 d6 4. Bc4 Nb6 5. Bb3 dxe5 6. Qh5 e6 7. dxe5 Nc6 8.
Nf3 a5 9. a4 Nd4 10. Nxd4 Qxd4 11. O-O g6 12. Qe2 Bg7 13. Re1 Bd7 14. Nc3 Bc6
15. Bg5 h6 16. Rad1 Qc5 17. Bf4 g5 18. Bg3 h5 19. h4 Qe7 20. Rd4 Rd8 21. Red1
Rxd4 22. Rxd4 g4 23. Ne4 Bxe4 24. Qxe4 c6 25. Rd6 Nc8 26. Rd1 Nb6 27. Bf4 Qxh4
28. Qe3 g3 29. Qxb6 gxf2+ 30. Qxf2 Qg4 31. Qf3 Qg6 32. Qd3 Qxd3 33. Rxd3 h4 34.
Bg5 O-O 35. Bxh4 Bxe5 36. c3 b5 37. Bd8 bxa4 38. Bxa4 c5 39. Bxa5 Rb8 40. Rd8+
Rxd8 41. Bxd8 1-0

[Event "4NCL"]
[Site "De Vere, Staverton Park, ENG"]
[Date "2010.11.07"]
[Round "2.36"]
[White "Duggan, Christopher"]
[Black "Hunt, Malcolm A"]
[Result "1-0"]
[WhiteElo "2030"]
[BlackElo "2076"]
[PlyCount "187"]
[EventDate "2010.??.??"]
[WhiteTeam "Oxford 2"]
[BlackTeam "Warwickshire Select 2"]

1. c4 Nf6 2. d4 c5 3. d5 e5 4. Nc3 d6 5. g3 Nbd7 6. e4 a6 7. Qd3 Be7 8. a3 O-O
9. f4 Ne8 10. f5 Bg5 11. Bxg5 Qxg5 12. Nf3 Qe7 13. Be2 Nc7 14. g4 b5 15. Qe3
Rb8 16. Rb1 bxc4 17. Bxc4 Nb6 18. Be2 Nb5 19. Nxb5 axb5 20. g5 Bxf5 21. exf5
Nxd5 22. Qe4 Nf4 23. Rd1 d5 24. Rxd5 Nxd5 25. Qxd5 e4 26. f6 Qe6 27. Qxe6 fxe6
28. Ne5 Rb7 29. f7+ Kh8 30. O-O g6 31. Rf6 Kg7 32. Rxe6 c4 33. Kf2 Ra7 34. Rb6
c3 35. bxc3 Rxa3 36. Bxb5 Rxc3 37. Be8 Rh3 38. Ng4 Rf3+ 39. Ke2 Rf5 40. h4 Rf4
41. Nf2 Rxh4 42. Ke3 Rxf7 43. Bxf7 Kxf7 44. Nxe4 h6 45. Rb7+ Ke6 46. Rb6+ Kf7
47. Rb7+ Ke6 48. Rh7 Kf5 49. Rf7+ Ke5 50. Re7+ Kf5 51. gxh6 Rxh6 52. Rf7+ Ke5
53. Nf2 Rh4 54. Nd3+ Ke6 55. Rf3 Rg4 56. Kf2 Kd5 57. Re3 Kd4 58. Ne1 Kd5 59.
Kf3 Rg5 60. Ng2 Kd4 61. Re4+ Kd5 62. Ne3+ Kd6 63. Kf4 Rc5 64. Kg4 Rb5 65. Re8
Kc5 66. Rd8 Rb6 67. Kg5 Rd6 68. Rg8 Kd4 69. Ng4 Rd5+ 70. Kxg6 Rd6+ 71. Kf5 Rd5+
72. Kf4 Rd7 73. Ne5 Rd6 74. Nf3+ Kd3 75. Ke5 Ra6 76. Ne1+ Ke2 77. Nc2 Kd2 78.
Nb4 Rh6 79. Rg3 Rh5+ 80. Kd4 Rh4+ 81. Kc5 Ke2 82. Nd5 Kf2 83. Rb3 Ke2 84. Nf6
Rh6 85. Ne4 Rh5+ 86. Kd4 Rh8 87. Re3+ Kf1 88. Rf3+ Kg2 89. Rg3+ Kh2 90. Rg7
Rd8+ 91. Ke3 Ra8 92. Nd2 Re8+ 93. Kf2 Rf8+ 94. Nf3+ 1-0

[Event "4NCL"]
[Site "De Vere, Staverton Park, ENG"]
[Date "2010.11.07"]
[Round "2.36"]
[White "Fallowfield, Jeremy"]
[Black "Healey, Michael W"]
[Result "1/2-1/2"]
[WhiteElo "2044"]
[BlackElo "2069"]
[PlyCount "29"]
[EventDate "2010.??.??"]
[WhiteTeam "Warwickshire Select 2"]
[BlackTeam "Oxford 2"]

1. e4 e5 2. Nf3 Nc6 3. Bc4 Nf6 4. d3 Be7 5. O-O O-O 6. Re1 d6 7. a4 Nh5 8. d4
g6 9. Nc3 Bg4 10. dxe5 dxe5 11. Nd5 Nd4 12. Be2 Nxe2+ 13. Qxe2 Ng7 14. h3 Bxf3
15. Qxf3 1/2-1/2

[Event "4NCL"]
[Site "De Vere, Staverton Park, ENG"]
[Date "2010.11.07"]
[Round "2.36"]
[White "Rawlinson, Christopher JA"]
[Black "Webster, Paul"]
[Result "1/2-1/2"]
[WhiteElo "2055"]
[BlackElo "2034"]
[PlyCount "48"]
[EventDate "2010.??.??"]
[WhiteTeam "Oxford 2"]
[BlackTeam "Warwickshire Select 2"]

1. e4 d6 2. d4 g6 3. Bc4 Bg7 4. Nf3 c6 5. Nc3 Nf6 6. Bg5 h6 7. Be3 d5 8. Bd3
dxe4 9. Nxe4 Nxe4 10. Bxe4 Be6 11. O-O Bd5 12. Bd3 O-O 13. Ne5 Nd7 14. f4 Nxe5
15. dxe5 Qc7 16. c4 Be6 17. Qc2 Rad8 18. Rae1 Qd7 19. Be4 b5 20. Rd1 Qc8 21.
cxb5 cxb5 22. Qxc8 Rxc8 23. Bxa7 Bxa2 24. Rc1 Bc4 1/2-1/2

[Event "4NCL"]
[Site "De Vere, Staverton Park, ENG"]
[Date "2010.11.07"]
[Round "2.36"]
[White "Fallowfield, Nicholas K"]
[Black "Hadi, Justin"]
[Result "1/2-1/2"]
[WhiteElo "2018"]
[BlackElo "2043"]
[PlyCount "23"]
[EventDate "2010.??.??"]
[WhiteTeam "Warwickshire Select 2"]
[BlackTeam "Oxford 2"]

1. Nf3 Nc6 2. d4 d5 3. c4 Bg4 4. Nc3 e6 5. cxd5 exd5 6. Bf4 a6 7. e3 Nf6 8. Be2
Bd6 9. Bg5 Be7 10. Bxf6 Bxf6 11. Qb3 Ne7 12. O-O 1/2-1/2

[Event "4NCL"]
[Site "De Vere, Staverton Park, ENG"]
[Date "2010.11.07"]
[Round "2.36"]
[White "Scott, David A"]
[Black "Goodwin, Ed H"]
[Result "1-0"]
[WhiteElo "2034"]
[BlackElo "1906"]
[PlyCount "53"]
[EventDate "2010.??.??"]
[WhiteTeam "Oxford 2"]
[BlackTeam "Warwickshire Select 2"]

1. d4 e6 2. c4 Nf6 3. Nc3 Bb4 4. Qc2 c5 5. dxc5 Na6 6. a3 Bxc3+ 7. Qxc3 Nxc5 8.
f3 d5 9. cxd5 Qe7 10. Bg5 exd5 11. Bxf6 gxf6 12. Rd1 Be6 13. e3 O-O 14. Ne2
Rac8 15. Nd4 Rfe8 16. Qd2 Bd7 17. Kf2 Ba4 18. Rc1 Nb3 19. Nxb3 Bxb3 20. Bd3 Bc4
21. Rc3 Qe5 22. Bxc4 dxc4 23. Rd1 Qxh2 24. Qd4 Re5 25. Qg4+ Rg5 26. Qxc8+ Kg7
27. Qh3 1-0

[Event "4NCL"]
[Site "De Vere, Staverton Park, ENG"]
[Date "2010.11.07"]
[Round "2.37"]
[White "Majer, Chris E"]
[Black "Talbot, Andrew R"]
[Result "1/2-1/2"]
[WhiteElo "2050"]
[BlackElo "2139"]
[PlyCount "67"]
[EventDate "2010.??.??"]
[WhiteTeam "FCA Solutions 2"]
[BlackTeam "e2e4.org.uk 2"]

1. e4 c5 2. Nc3 Nc6 3. Bb5 Nd4 4. Bc4 g6 5. Nge2 Bg7 6. O-O e6 7. d3 a6 8. Nxd4
cxd4 9. Ne2 b5 10. Bb3 Ne7 11. f4 f5 12. Ng3 O-O 13. Bd2 a5 14. a3 Qb6 15. Kh1
Bb7 16. Qe1 Kh8 17. Rc1 a4 18. Ba2 Rf7 19. Bb4 Nc6 20. Bd2 Raf8 21. exf5 gxf5
22. Nh5 Rg8 23. Rf2 Ne7 24. c3 Nd5 25. Bxd5 Bxd5 26. Kg1 h6 27. g3 Ba8 28. Kf1
Kh7 29. Nxg7 Rfxg7 30. cxd4 Qxd4 31. Rc3 Qd5 32. Qe5 Qh1+ 33. Ke2 Bc6 34. Rc1
1/2-1/2

[Event "4NCL"]
[Site "De Vere, Staverton Park, ENG"]
[Date "2010.11.07"]
[Round "2.37"]
[White "McIntyre, Paul"]
[Black "Elwin, Adrian G"]
[Result "0-1"]
[WhiteElo "2119"]
[BlackElo "1990"]
[PlyCount "74"]
[EventDate "2010.??.??"]
[WhiteTeam "e2e4.org.uk 2"]
[BlackTeam "FCA Solutions 2"]

1. e4 c6 2. d4 d5 3. e5 Bf5 4. Nf3 e6 5. Be2 Nd7 6. O-O c5 7. c4 Ne7 8. Nc3
dxc4 9. Bxc4 Nb6 10. Bg5 Nxc4 11. Qa4+ Qd7 12. Qxc4 h6 13. Bxe7 Bxe7 14. dxc5
Bd3 15. Qg4 Bxf1 16. Qxg7 O-O-O 17. Rxf1 Bxc5 18. Ne4 Be7 19. Qxf7 Rdf8 20.
Rc1+ Kd8 21. Qh5 Rhg8 22. Nfg5 Rxg5 23. Nxg5 Rxf2 24. Nf7+ Rxf7 25. Rd1 Bc5+
26. Kh1 Kc8 27. Qg4 Qe7 28. h3 Kb8 29. Rc1 Qf8 30. Qc4 Bb6 31. Kh2 Rc7 32. Rf1
Qg7 33. Qxe6 Re7 34. Qf6 Qxf6 35. exf6 Rf7 36. g4 Bd4 37. b3 Rxf6 0-1

[Event "4NCL"]
[Site "De Vere, Staverton Park, ENG"]
[Date "2010.11.07"]
[Round "2.37"]
[White "Mansson, James C"]
[Black "Adebajo, Olufemi"]
[Result "0-1"]
[WhiteElo "2128"]
[BlackElo "1971"]
[PlyCount "70"]
[EventDate "2010.??.??"]
[WhiteTeam "e2e4.org.uk 2"]
[BlackTeam "FCA Solutions 2"]

1. Nf3 d5 2. d4 f5 3. Bf4 Nf6 4. e3 e6 5. c4 c6 6. Bd3 Bd6 7. O-O O-O 8. Nbd2
Ne4 9. Bxd6 Qxd6 10. c5 Qc7 11. Ne5 Nxc5 12. f4 Nxd3 13. Nxd3 Nd7 14. Rf3 b6
15. Rh3 Ba6 16. Ne5 Nxe5 17. dxe5 c5 18. Nf3 h6 19. Nh4 Kh7 20. g4 d4 21. gxf5
exf5 22. exd4 cxd4 23. Nf3 Kg8 24. Qb3+ Bc4 25. Rc1 Rac8 26. Qa3 Qf7 27. b3 Bd5
28. Nxd4 Rxc1+ 29. Qxc1 Qd7 30. Rc3 Bb7 31. Ne2 Qd5 32. Kf2 Qg2+ 33. Ke1 Ba6
34. Qe3 Rd8 35. Nd4 Rxd4 0-1

[Event "4NCL"]
[Site "De Vere, Staverton Park, ENG"]
[Date "2010.11.07"]
[Round "2.37"]
[White "Grainger, Benjamin P"]
[Black "Coates, David H"]
[Result "1/2-1/2"]
[WhiteElo "1802"]
[BlackElo "2068"]
[PlyCount "51"]
[EventDate "2010.??.??"]
[WhiteTeam "FCA Solutions 2"]
[BlackTeam "e2e4.org.uk 2"]

1. Nf3 Nf6 2. g3 g6 3. Bg2 Bg7 4. O-O O-O 5. c4 d6 6. d3 e5 7. Nc3 c5 8. a3 Nc6
9. Rb1 a5 10. Re1 h6 11. e4 Ne8 12. Nd5 Nc7 13. Nb6 Ra6 14. Nxc8 Qxc8 15. a4
Ne6 16. Bh3 Qe8 17. Nh4 Ned4 18. Be3 Ra8 19. b3 Qe7 20. Nf3 Rae8 21. Nxd4 exd4
22. Bc1 f5 23. Bg2 g5 24. f4 gxf4 25. Bxf4 Ne5 26. exf5 1/2-1/2

[Event "4NCL"]
[Site "De Vere, Staverton Park, ENG"]
[Date "2010.11.07"]
[Round "2.38"]
[White "Graham, David B"]
[Black "Adams, Mark A"]
[Result "1/2-1/2"]
[WhiteElo "2205"]
[BlackElo "2040"]
[PlyCount "53"]
[EventDate "2010.??.??"]
[WhiteTeam "Sussex Smart Controls"]
[BlackTeam "The Full Ponty"]

1. e4 c5 2. Nf3 a6 3. c3 e6 4. d4 d5 5. e5 Bd7 6. Be2 Qb6 7. Qb3 Qxb3 8. axb3
cxd4 9. cxd4 Nc6 10. O-O f6 11. Be3 Nge7 12. Nc3 Ng6 13. Bd3 Be7 14. Na4 Kf7
15. Nb6 Rad8 16. Rfc1 Be8 17. Bd2 Nf8 18. Re1 Bb4 19. Bc3 Be7 20. Rac1 Nd7 21.
Nxd7 Bxd7 22. h4 Rc8 23. h5 f5 24. Rcd1 g5 25. g4 h6 26. Kg2 f4 27. Rc1 1/2-1/2

[Event "4NCL"]
[Site "De Vere, Staverton Park, ENG"]
[Date "2010.11.07"]
[Round "2.38"]
[White "Sully, David J"]
[Black "Grant, David J"]
[Result "0-1"]
[WhiteElo "2106"]
[BlackElo "2095"]
[PlyCount "68"]
[EventDate "2010.??.??"]
[WhiteTeam "The Full Ponty"]
[BlackTeam "Sussex Smart Controls"]

1. e4 c5 2. Nf3 e6 3. d4 cxd4 4. Nxd4 Nf6 5. Nc3 Nc6 6. Be2 Bb4 7. Nxc6 bxc6 8.
Bd3 d5 9. exd5 cxd5 10. O-O O-O 11. Bg5 h6 12. Bh4 Be7 13. Bg3 Qb6 14. b3 Bb7
15. Na4 Qc6 16. f3 Nh5 17. Qe2 Nxg3 18. hxg3 e5 19. Rad1 e4 20. fxe4 dxe4 21.
Bb5 Qe6 22. Bc4 Qe5 23. Qg4 Bf6 24. Qf4 Qh5 25. g4 Qa5 26. Rd6 Rac8 27. Rxf6
gxf6 28. Qxf6 Rxc4 29. bxc4 Qxa4 30. Qxh6 Qc6 31. Qf6 Qc5+ 32. Kh2 Rd8 33. Rf5
Rd1 34. Kg3 Qd6+ 0-1

[Event "4NCL"]
[Site "De Vere, Staverton Park, ENG"]
[Date "2010.11.07"]
[Round "2.38"]
[White "Bucher, Grant W"]
[Black "Davies, Peter L"]
[Result "0-1"]
[WhiteElo "2023"]
[BlackElo "1995"]
[PlyCount "84"]
[EventDate "2010.??.??"]
[WhiteTeam "Sussex Smart Controls"]
[BlackTeam "The Full Ponty"]

1. e4 g6 2. d4 d6 3. Nc3 Nf6 4. f4 Bg7 5. Nf3 O-O 6. Bd3 Na6 7. e5 dxe5 8. dxe5
Nd5 9. Nxd5 Qxd5 10. Qe2 c6 11. Bc4 Qd8 12. Be3 Nc7 13. Rd1 Nd5 14. O-O Bg4 15.
h3 Bxf3 16. Qxf3 e6 17. Bc5 Re8 18. Bb3 Qa5 19. Bf2 Bh6 20. Rd4 b5 21. Re4 Rad8
22. Bh4 Rd7 23. Rd1 Bf8 24. c4 Nb6 25. cxb5 cxb5 26. f5 Rxd1+ 27. Qxd1 Nc4 28.
Qd7 Qb6+ 29. Kh1 Rb8 30. fxe6 Qxe6 31. Qxa7 Rc8 32. Qb7 Qf5 33. Re1 Bb4 34.
Bxc4 Rxc4 35. Qxb5 Rxh4 36. Rf1 Rf4 37. Rxf4 Qxf4 38. Qe2 Bc5 39. e6 Qc1+ 40.
Kh2 Bg1+ 41. Kh1 Bf2+ 42. Kh2 Qg1# 0-1

[Event "4NCL"]
[Site "De Vere, Staverton Park, ENG"]
[Date "2010.11.07"]
[Round "2.38"]
[White "Robinson, David"]
[Black "Michaud, Gerald"]
[Result "0-1"]
[WhiteElo "1965"]
[BlackElo "1986"]
[PlyCount "74"]
[EventDate "2010.??.??"]
[WhiteTeam "The Full Ponty"]
[BlackTeam "Sussex Smart Controls"]

1. d4 Nf6 2. Nf3 g6 3. Bf4 d5 4. e3 Bg7 5. Be2 Nbd7 6. O-O O-O 7. h3 c5 8. c3
Qb6 9. Qc2 Re8 10. Re1 Nf8 11. Nbd2 Bf5 12. Qb3 c4 13. Qa3 Rac8 14. Ne5 N6d7
15. Nxd7 Nxd7 16. Bf3 Nf6 17. Bg5 Qc6 18. Qxa7 Nd7 19. Qa5 e6 20. e4 Bxe4 21.
Nxe4 Ra8 22. Qb4 Bf8 23. Nc5 b5 24. a4 Nxc5 25. dxc5 Bxc5 26. Qxb5 Qc8 27. a5
Rb8 28. Qa4 Rxb2 29. Bh4 g5 30. Bg3 Re7 31. Re2 Rb3 32. Be5 Reb7 33. g3 Rb1+
34. Kg2 f5 35. Bd4 Be7 36. Bxd5 Rxa1 37. Bxb7 Qxb7+ 0-1

[Event "4NCL"]
[Site "De Vere, Staverton Park, ENG"]
[Date "2010.11.07"]
[Round "2.38"]
[White "Fryer, David W"]
[Black "Perrett, David C"]
[Result "1-0"]
[WhiteElo "2056"]
[BlackElo "1961"]
[PlyCount "97"]
[EventDate "2010.??.??"]
[WhiteTeam "Sussex Smart Controls"]
[BlackTeam "The Full Ponty"]

1. e4 Nf6 2. e5 Nd5 3. d4 d6 4. c4 Nb6 5. f4 Bf5 6. Nc3 dxe5 7. fxe5 e6 8. Nf3
Bb4 9. Be3 c5 10. a3 Bxc3+ 11. bxc3 Nc6 12. Be2 O-O 13. O-O Rc8 14. Qe1 Na5 15.
Bg5 Qc7 16. Qh4 cxd4 17. c5 Nd5 18. cxd4 Nc3 19. Bd1 Nd5 20. h3 h6 21. Bc1 b6
22. cxb6 axb6 23. Bd2 Qe7 24. Qxe7 Nxe7 25. Bb4 Rfe8 26. Ba4 Nec6 27. Bxa5 bxa5
28. d5 exd5 29. Bxc6 Rxc6 30. Nd4 Bd7 31. Nxc6 Bxc6 32. Rfe1 Bb5 33. Rab1 Bc4
34. Kf2 Bd3 35. Rb6 Rc8 36. Rd6 Be4 37. Ra6 Rc5 38. Ra8+ Kh7 39. Ra7 Kg6 40. g4
Rc2+ 41. Re2 Rc5 42. h4 Rc3 43. h5+ Kh7 44. Rxf7 Kg8 45. Ra7 Rxa3 46. e6 Rf3+
47. Ke1 Rf6 48. e7 Kf7 49. Rb2 1-0

[Event "4NCL"]
[Site "De Vere, Staverton Park, ENG"]
[Date "2010.11.07"]
[Round "2.38"]
[White "Roberts, Lynda"]
[Black "Hoare, Amy B"]
[Result "1/2-1/2"]
[WhiteElo "1999"]
[BlackElo "1920"]
[PlyCount "71"]
[EventDate "2010.??.??"]
[WhiteTeam "The Full Ponty"]
[BlackTeam "Sussex Smart Controls"]

1. e4 e5 2. Nf3 Nc6 3. Bb5 a6 4. Bxc6 dxc6 5. d4 exd4 6. Qxd4 Qxd4 7. Nxd4 Bd7
8. Be3 O-O-O 9. Nd2 Re8 10. O-O-O Nf6 11. f3 c5 12. N4b3 b6 13. Rhe1 a5 14. a3
a4 15. Na1 b5 16. b3 b4 17. axb4 cxb4 18. bxa4 Bxa4 19. Nab3 Bd6 20. g3 Be5 21.
Bd4 Nd7 22. Nc4 Bxd4 23. Rxd4 Re6 24. Red1 Bxb3 25. cxb3 Nb6 26. Nxb6+ Rxb6 27.
Rd7 Rc6+ 28. Kb2 Rf6 29. R1d3 Rf8 30. f4 Rh6 31. h4 Rg6 32. R7d4 Rb6 33. Rd5
Re8 34. e5 f6 35. exf6 Rxf6 36. Kc2 1/2-1/2

[Event "4NCL"]
[Site "De Vere, Staverton Park, ENG"]
[Date "2010.11.07"]
[Round "2.39"]
[White "Balendran, Baven"]
[Black "Andreev, Peter"]
[Result "0-1"]
[WhiteElo "1818"]
[BlackElo "1864"]
[PlyCount "137"]
[EventDate "2010.??.??"]
[WhiteTeam "KJCA Knights"]
[BlackTeam "e2e4.org.uk 4"]

1. e4 c5 2. Nf3 Nc6 3. d4 cxd4 4. Nxd4 Nf6 5. Nc3 e5 6. Ndb5 d6 7. Nd5 Nxd5 8.
exd5 Nb8 9. c4 Be7 10. Bd3 O-O 11. O-O f5 12. f3 a5 13. Qc2 Na6 14. Be2 Nc5 15.
Be3 b6 16. a3 a4 17. Bxc5 bxc5 18. b4 axb3 19. Qxb3 Qa5 20. Qc3 Qxc3 21. Nxc3
e4 22. fxe4 Bf6 23. Rac1 Rxa3 24. Nb5 Ra2 25. Bf3 Be5 26. Rb1 fxe4 27. Bxe4
Rxf1+ 28. Rxf1 Bg4 29. Bf5 Bxf5 30. Rxf5 Rc2 31. Na3 Rc1+ 32. Kf2 Bxh2 33. g3
Rc3 34. Rf3 Bg1+ 35. Ke2 Rxf3 36. Kxf3 Bd4 37. Nb5 Be5 38. Nc7 Kf7 39. g4 Kg6
40. Ne6 h5 41. gxh5+ Kxh5 42. Ke4 Bc3 43. Nf4+ Kg4 44. Ng6 Kg5 45. Ne7 g6 46.
Nc6 Bf6 47. Na5 Kg4 48. Nb3 g5 49. Nd2 Be5 50. Nf3 Bf4 51. Ng1 Bg3 52. Ne2 Bf2
53. Nc1 Kh3 54. Kf3 Bd4 55. Ne2 g4+ 56. Kf4 g3 57. Kf3 Be5 58. Nxg3 Bxg3 59.
Ke4 Be5 60. Kf3 Kh4 61. Ke4 Kg4 62. Ke3 Bh8 63. Ke4 Bd4 64. Kd3 Kf4 65. Kd2 Ke4
66. Kc2 Bg7 67. Kd2 Kd4 68. Kc2 Kxc4 69. Kc1 0-1

[Event "4NCL"]
[Site "De Vere, Staverton Park, ENG"]
[Date "2010.11.07"]
[Round "2.39"]
[White "Livesey, R Nigel"]
[Black "Murphy, Conor"]
[Result "1/2-1/2"]
[WhiteElo "1880"]
[BlackElo "1859"]
[PlyCount "35"]
[EventDate "2010.??.??"]
[WhiteTeam "e2e4.org.uk 4"]
[BlackTeam "KJCA Knights"]

1. c4 b6 2. Nc3 Bb7 3. Nf3 e6 4. g3 Bxf3 5. exf3 c5 6. Bg2 Nc6 7. f4 Rc8 8. d3
Nf6 9. O-O Be7 10. b3 O-O 11. Bb2 d5 12. a3 Qd7 13. Ne2 Rfd8 14. Bc3 Ne8 15.
Qc2 Bf6 16. Rad1 Bxc3 17. Nxc3 Nf6 18. Rfe1 1/2-1/2

[Event "4NCL"]
[Site "De Vere, Staverton Park, ENG"]
[Date "2010.11.07"]
[Round "2.39"]
[White "Kalid, Raphael"]
[Black "Booley, Graham M"]
[Result "1-0"]
[WhiteElo "1826"]
[BlackElo "1776"]
[PlyCount "33"]
[EventDate "2010.??.??"]
[WhiteTeam "KJCA Knights"]
[BlackTeam "e2e4.org.uk 4"]

1. e4 e5 2. Nf3 Nc6 3. Nc3 Bc5 4. Nxe5 Bxf2+ 5. Kxf2 Nxe5 6. d4 Ng6 7. Bc4 d6
8. Rf1 Be6 9. Bb3 Qh4+ 10. Kg1 O-O-O 11. d5 Bg4 12. Qd4 b6 13. Qa4 Kb8 14. Nb5
a5 15. Qc4 Rd7 16. Nd4 Ne5 17. Qa6 1-0

[Event "4NCL"]
[Site "De Vere, Staverton Park, ENG"]
[Date "2010.11.07"]
[Round "2.39"]
[White "Fowler, David J"]
[Black "Reddiar, Gautham"]
[Result "1/2-1/2"]
[WhiteElo "1723"]
[BlackElo "1730"]
[PlyCount "33"]
[EventDate "2010.??.??"]
[WhiteTeam "e2e4.org.uk 4"]
[BlackTeam "KJCA Knights"]

1. e4 e6 2. d4 d5 3. exd5 exd5 4. Bd3 Bd6 5. h3 Nf6 6. Nf3 c6 7. O-O O-O 8. Re1
Nbd7 9. c3 Re8 10. Nbd2 Nf8 11. Ne5 Be6 12. f4 a6 13. Ndf3 c5 14. Be3 c4 15.
Bc2 Qc7 16. f5 Bc8 17. Bd2 1/2-1/2

[Event "4NCL"]
[Site "De Vere, Staverton Park, ENG"]
[Date "2010.11.07"]
[Round "2.39"]
[White "Paul, Barnaby J"]
[Black "Homer, Neil S"]
[Result "0-1"]
[WhiteElo "1618"]
[BlackElo "1673"]
[PlyCount "130"]
[EventDate "2010.??.??"]
[WhiteTeam "KJCA Knights"]
[BlackTeam "e2e4.org.uk 4"]

1. c4 e6 2. g3 d5 3. Bg2 Nf6 4. Nc3 c6 5. cxd5 cxd5 6. d4 Be7 7. e3 O-O 8. Nge2
b6 9. O-O Ba6 10. Re1 Bxe2 11. Qxe2 Nbd7 12. b3 Bb4 13. Bd2 Bxc3 14. Bxc3 Ne4
15. Bb4 Re8 16. Bxe4 dxe4 17. f3 exf3 18. Qxf3 Nf6 19. Rad1 Rc8 20. Ba3 Qd7 21.
Bb2 Rc2 22. Re2 Rxe2 23. Qxe2 Rc8 24. e4 Qe7 25. d5 exd5 26. Bxf6 Qxf6 27. exd5
Qd6 28. Kh1 h6 29. Qf3 Rd8 30. Qc3 Kf8 31. b4 Qf6 32. Qd3 Rd6 33. Rf1 Rxd5 34.
Qc4 Qd8 35. Qf4 Rd7 36. Qf5 Kg8 37. a3 Qa8+ 38. Qf3 Qxf3+ 39. Rxf3 Rd2 40. Rc3
Ra2 41. h4 g6 42. Kg1 h5 43. Kf1 Kg7 44. Ke1 Kf6 45. Re3 Rc2 46. Rf3+ Ke6 47.
Re3+ Kf5 48. Kf1 Kg4 49. Rd3 Ra2 50. Rc3 Rd2 51. Re3 a5 52. bxa5 bxa5 53. Rc3
Ra2 54. Rd3 a4 55. Rc3 Rb2 56. Rd3 Rb3 57. Rd4+ Kxg3 58. Rxa4 Rf3+ 59. Ke2 Rf4
60. Rxf4 Kxf4 61. a4 Ke5 62. a5 Kd5 63. Kf3 f6 64. a6 Kc6 65. Ke4 Kb6 0-1